Music Quiz

Random Music or Taylor Swift Quiz

Taylor Swift Song Names Quiz Stats

 Plays Quiz not verified by Sporcle

Support Sporcle.
Go Orange.
Score 0/10 Timer 05:00
0 Plays Today
part of song Song Name % Correct
Grabbed a pen and a note napkinOur Song
92.3%
Lately I don't even know what page you're onThe Story of Us
90.4%
The smiles, the flowers everythingShould've Said No
88.5%
That's fine, you won't mind if I sayPicture to Burn
84.6%
Who you are is not what you've beenInnocent
84.6%
I said that's a lieTim McGraw
80.8%
You lift my feet off the groundCrazier
78.8%
Shining like fireworks, over your sad empty townDear John
76.9%
His sister's beautiful, he has his father's eyesI'd Lie
76.9%
I remember tears streaming down your faceSafe and Sound
67.3%

You're not logged in!

Compare scores with friends on all Sporcle quizzes.
OR
Log In

From the Vault

50 Flicks to Click (1983)

by MSUKent

In 1983, Swatch made their first watches, Fraggle Rock premiered for the first time, and Tom Cruise made this face.
Remove Ads.
Support Sporcle.
Get the best of Sporcle when you Go Orange. This ad-free experience offers more features, more stats, and more fun while also helping to support Sporcle. Thank you for becoming a member.

Show Comments

Extras

Created Mar 11, 2012ReportNominate
Tags:Song Quiz, Taylor Swift Quiz

Top Quizzes Today


Score Distribution

Your Account Isn't Verified!

In order to create a playlist on Sporcle, you need to verify the email address you used during registration. Go to your Sporcle Settings to finish the process.

Report this User

Report this user for behavior that violates our Community Guidelines.

Details: